La legislacion en el Estado de derecho

Detalles Bibliográficos
Autor principal: Galiana Saura, Angeles
Formato: Desconocido
Lenguaje:español
Publicado: Madrid : Dykinson, 2003
Materias:
Acceso en línea:Acceso restringido

MARC

LEADER 00000ny a22000003n 4500
005 2011062108598.0
006 m u
007 cr cn|||||||||
008 200507r2003 sp |||||s|||||||||||spa d
020 |a 9788497721127 
035 |a 281 
040 |a FlNmELB  |c FlNmELB  |d vlex 
050 1 4 |a K3171  |b G156 2003eb 
080 |a 340 
090 |c 1296  |d 1296 
100 1 |a Galiana Saura, Angeles 
245 1 3 |a La legislacion en el Estado de derecho  |h [Recurso electrn̤ico]  |c Angeles Galiana Saura 
256 |a Servicio en ln̕ea 
260 |a Madrid :  |b Dykinson,  |c 2003 
300 |a [7]-132 p 
506 1 |a Contenido solo disponible en los productos indicados  |d vLex Global  |d vLex Global (Academic Edition, excluding Law Schools)  |d vLex Global (U.S. Academic Edition, Law Schools)  |d vLex Global (U.S. Academic Edition, excluding Law Schools)  |d vLex Global (Academic Edition, Law Schools) 
650 0 7 |a Poder ejecutivo  |2 Tesauro vLex 
650 0 7 |a Poder legislativo  |2 Tesauro vLex 
650 0 7 |a Filosofa̕ del derecho  |2 Tesauro vLex 
650 0 7 |a Ley  |2 Tesauro vLex 
650 0 7 |a Fuentes del derecho Civil  |2 Tesauro vLex 
740 0 |a vLex Libros (Servicios en ln̕ea) 
856 4 0 |u http://vlex.com/source/281  |z Acceso restringido 
942 |c BOOK